Communication satellite systems: an overview of the technology

Uloženo v:
Podrobná bibliografie
Hlavní autoři: Gould, R. G (Autor), Lum, Y. F (Autor)
Korporativní autor: IEEE Aerospace and electronics Systems Society (Autor)
Médium: Kniha
Jazyk:angličtina
Vydáno: Nueva York IEEE 1976
Témata:
Tagy: Přidat tag
Žádné tagy, Buďte první, kdo vytvoří štítek k tomuto záznamu!

MARC

LEADER 00000nam a2200000 a 4500
001 UCU6801
003 CL-VaPUC
008 960621e19760000US |||||||||||||||||eng|d
082 0 4 |a 621.382  |b GOU  |2 21 
100 0 |a Gould, R. G  |e author  |9 365202 
700 0 |a Lum, Y. F  |e author  |9 365203 
110 2 |a IEEE Aerospace and electronics Systems Society  |e author  |9 365204 
245 1 0 |a Communication satellite systems: an overview of the technology 
300 |a 164 p 
942 |c BK 
945 |d 19960621 00:00:00  |a paguirre 
260 |a Nueva York  |b IEEE  |c 1976 
650 0 |a Satélites artificiales   |9 361058 
650 7 |a SATELITES CIENTIFICOS  |2 CL-VaPUC  |9 365205 
650 7 |a SATELITES DE COMUNICACIONES  |2 CL-VaPUC  |9 340431 
650 7 |a DESARROLLO TECNOLOGICO  |2 CL-VaPUC  |9 259800 
650 0 |a Telecomunicaciones   |9 257195 
650 7 |a COMUNICACIONES ESPACIALES  |2 CL-VaPUC  |9 364174 
583 |a last modification  |c 20160920 04:19:45  |k Rodrigo Vera 
999 |c 249612  |d 249610 
952 |0 0  |1 0  |4 0  |6 621_382000000000000_GOU_1976  |7 0  |8 A  |9 266939  |a BIBING  |b BIBING  |d 2019-11-19  |i 1691414  |o 621.382 GOU 1976  |p 1691414  |r 2025-01-20  |w 2019-11-19  |y BK  |k EIE